000 00261nam a2200121 a 4500
008 100921s1950|||| d
245 1 0 _aBásne
100 1 _aEndre, Ady
260 _bPravda
_aBratislava
_c1950
020 _c50
044 _axo
_cSK
041 _aslo
999 _c10550
_d10550